O dragão (Registo nº 28281)

Detalhes MARC
000 -Etiqueta do registo
Valores 00727cam a2200277 4500
090 ## -
-- 28281
095 ## -
-- PTBN00271214
100 ## - Dados gerais de processamento
Dados gerais 20070904d1982 c y0pory5003 ba
101 0# - Língua de publicação
-- por
102 ## - País de publicação
-- PT
105 ## -
-- a z 000fy
106 ## -
-- r
200 1# - Titulo e menção de responsabilidade
Título próprio O dragão
Primeira menção de responsabilidade Luísa Ducla Soares
Outras menções de responsabilidade il. Paula Amaral
210 ## - Publicação
Local de publicação Lisboa
Nome do editor Livros Horizonte,
Data de publicação 1982
215 ## - Descrição física 
Paginação / Volumes 30, [2] p.
Outras indicações físicas il.
Dimensões 23 cm
225 2# - Colecção 
Título próprio da colecção Pássaro livre
Indicação de volume 24
675 ## - CDU
Notação 087.5
Edição BN
Língua por
675 ## - CDU
Notação 821.134.3-93"19"
Edição BN
Língua por
675 ## - CDU
Notação 821.134.3-34"19"
Edição BN
Língua por
700 #1 - Autor principal (pessoa individual)
Apelido Soares,
Nome Luísa Ducla,
Datas 1939-
ID Autoridade 2431
702 #1 - Autor secundário (pessoa individual)
Apelido Amaral,
Nome Paula
-- 440
801 #0 - Fonte de origem
País PT
Agência BN
Regras de catalogação RPC
930 ## -
-- BECRE
990 ## - Elementos KOHA
Tipo de documento Livro
995 ## - Localização e informação dos exemplares
-- 18
995 ## - Localização e informação dos exemplares
-- 18
995 ## - Localização e informação dos exemplares
-- 18
995 ## - Localização e informação dos exemplares
-- 18
995 ## - Localização e informação dos exemplares
-- 18
Exemplares
Situação do levantamento Estado Biblioteca de origem Biblioteca de empréstimo Código de barras Cota Permissão de empréstimo Tipo de documento
  Completo Biblioteca do Centro Escolar de Viana do Alentejo Biblioteca do Centro Escolar de Viana do Alentejo 925BV 087.5 SOA Disponível Livro
  Completo Biblioteca do Centro Escolar de Viana do Alentejo Biblioteca do Centro Escolar de Viana do Alentejo 926BV 087.5 SOA Disponível Livro
  Completo Biblioteca do Centro Escolar de Viana do Alentejo Biblioteca do Centro Escolar de Viana do Alentejo 1275BV 087.5 SOA Disponível Livro
  Completo Biblioteca do Centro Escolar de Viana do Alentejo Biblioteca do Centro Escolar de Viana do Alentejo 1276BV 087.5 SOA Disponível Livro
  Completo Biblioteca do Centro Escolar de Viana do Alentejo Biblioteca do Centro Escolar de Viana do Alentejo 1277BV 087.5 SOA Disponível Livro




Powered by Koha